[Event "LXXI ch-ESP GpB"]
[Site "Leon ESP"]
[Date "2006.11.22"]
[Round "1"]
[White "Arizmendi Martinez,J"]
[Black "Gomez Esteban,J"]
[Result "0-1"]
[WhiteElo "2540"]
[BlackElo "2486"]
[EventDate "2006.11.22"]

1. e4 c6 2. d4 d5 3. e5 Bf5 4. Nc3 e6 5. g4 Bg6 6. Nge2 Ne7 7. f4 h5 8. f5
exf5 9. g5 Na6 10. Nf4 Nc7 11. h4 Ne6 12. Nce2 Qd7 13. Bg2 O-O-O 14. c3 Kb8
15. a4 Nc8 16. O-O Be7 17. Ng3 Ka8 18. Qd3 Nxf4 19. Bxf4 f6 20. Bh3 fxg5
21. hxg5 Rdf8 22. Rae1 h4 23. e6 Qd8 24. Nxf5 Bxg5 25. Be5 Bf6 26. Qd2 Ne7
27. Nxe7 Qxe7 28. Bxf6 gxf6 29. Bf5 Rhg8 30. Kh2 a6 31. Qf4 Re8 32. Re3
Bxf5 33. Qxf5 Rg3 34. Re2 Qg7 35. Qf4 Rg8 36. Ree1 0-1

[Event "LXXI ch-ESP GpB"]
[Site "Leon ESP"]
[Date "2006.11.22"]
[Round "1"]
[White "Perez Candelario,Man"]
[Black "Fernandez Garcia,JoseL"]
[Result "1/2-1/2"]
[WhiteElo "2496"]
[BlackElo "2470"]
[EventDate "2006.11.22"]

1. e4 e5 2. Nf3 Nc6 3. Bb5 a6 4. Ba4 Nf6 5. O-O Be7 6. Re1 b5 7. Bb3 Bb7 8.
Nc3 O-O 9. d3 Re8 10. Bd2 h6 11. Nd5 Bc5 12. a3 d6 13. c3 Nxd5 14. Bxd5 Rb8
15. b4 Bb6 16. Bb3 Bc8 17. Be3 Bxe3 18. Rxe3 Be6 19. d4 Bxb3 20. Qxb3 Qd7
21. Rd1 Rbd8 22. d5 Ne7 23. c4 Ng6 24. cxb5 axb5 25. Rc1 Ra8 26. g3 Ra7 27.
Qd3 Rea8 28. Rc3 Ne7 29. Nd2 Nc8 30. Re1 Nb6 31. Rec1 Na4 32. Rc6 Rb7 33.
Kg2 Raa7 34. Qe2 Nb6 35. Qxb5 Rxa3 36. Nc4 Ra2 37. Nxb6 cxb6 38. Rc8+ Kh7
39. Qxd7 Rxd7 40. Rb8 Rb2 41. Rxb6 Ra7 42. Rc3 f5 43. exf5 Raa2 44. Kf3
Rxf2+ 45. Kg4 Rad2 46. Rxd6 Rd4+ 47. Kh3 Rxb4 48. g4 h5 49. Rg6 Rxg4 50.
Rxg4 hxg4+ 51. Kxg4 Rd2 52. Rc7 Rd4+ 53. Kg5 Rxd5 54. f6 e4+ 55. Kf4 Kg8
56. Rxg7+ Kf8 57. Kxe4 Rh5 58. Rg2 Kf7 59. Rf2 Rh6 60. Ke5 Rh5+ 61. Kf4
Kxf6 62. Kg4+ Kg6 63. h4 1/2-1/2

[Event "LXXI ch-ESP GpB"]
[Site "Leon ESP"]
[Date "2006.11.23"]
[Round "2"]
[White "Gomez Esteban,J"]
[Black "Perez Candelario,Man"]
[Result "0-1"]
[WhiteElo "2486"]
[BlackElo "2496"]
[EventDate "2006.11.22"]

1. d4 d5 2. c4 e6 3. Nc3 Nf6 4. Bg5 dxc4 5. e4 c5 6. d5 Be7 7. Nf3 exd5 8.
e5 d4 9. Bxc4 dxc3 10. exf6 Qxd1+ 11. Rxd1 gxf6 12. Bc1 cxb2 13. Bxb2 Nc6
14. Ng5 O-O 15. Ne4 Be6 16. Rc1 f5 17. Rc3 Nd4 18. Bxe6 fxe4 19. Bd5 Bd6
20. Kd1 Rad8 21. Bxe4 Be5 22. Rh3 Nc6+ 23. Kc1 Bxb2+ 24. Kxb2 Rd2+ 25. Ka1
Rxf2 26. Bxh7+ Kg7 27. Be4 Nd4 28. Rc1 b6 29. Ra3 Re8 30. Bb1 a5 31. Rg3+
Kf6 32. h4 Re5 33. Rh1 a4 34. h5 Nf5 35. Bxf5 Rexf5 36. Ra3 b5 37. g4 R5f4
38. h6 Kg6 39. Rah3 Kh7 40. Rc1 Rxg4 41. Rh5 Rgg2 0-1

[Event "LXXI ch-ESP GpB"]
[Site "Leon ESP"]
[Date "2006.11.24"]
[Round "3"]
[White "Fernandez Garcia,JoseL"]
[Black "Gomez Esteban,J"]
[Result "0-1"]
[WhiteElo "2470"]
[BlackElo "2486"]
[EventDate "2006.11.22"]

1. e4 c6 2. c4 d5 3. cxd5 cxd5 4. exd5 Nf6 5. Qa4+ Nbd7 6. Nc3 g6 7. Nf3
Bg7 8. Bc4 O-O 9. d3 a6 10. Qa3 b6 11. O-O Bb7 12. Re1 Re8 13. Ng5 b5 14.
Bb3 Rc8 15. d6 e6 16. Nge4 Ng4 17. Bg5 Qb6 18. Qb4 f5 19. h3 Nge5 20. Be3
Qc6 21. Nd5 exd5 22. Rac1 Nxd3 23. Qa5 Nxc1 24. Rxc1 Qxc1+ 25. Bxc1 Rxc1+
26. Kh2 fxe4 27. Qd2 Rc5 0-1

[Event "LXXI ch-ESP GpB"]
[Site "Leon ESP"]
[Date "2006.11.24"]
[Round "3"]
[White "Arizmendi Martinez,J"]
[Black "Lopez Martinez,J"]
[Result "1/2-1/2"]
[WhiteElo "2540"]
[BlackElo "2508"]
[EventDate "2006.11.22"]

1. e4 e5 2. Nf3 Nc6 3. Bb5 a6 4. Ba4 Nf6 5. O-O Be7 6. Re1 b5 7. Bb3 d6 8.
c3 O-O 9. d4 Bg4 10. d5 Na5 11. Bc2 Qc8 12. Nbd2 c6 13. b4 Nb7 14. dxc6
Qxc6 15. Bb2 Rac8 16. Nf1 Be6 17. h3 Nd7 18. Ne3 Nb6 19. Bb3 a5 20. Nd5 Bd8
21. Nxb6 Bxb6 22. Rc1 Nd8 23. bxa5 Bxa5 24. Ba3 Nb7 25. Bb4 Bb6 26. Bxe6
fxe6 27. Qb3 Rf6 28. Rcd1 h6 29. Re2 Ra8 30. Red2 Bc7 31. Rc1 Nc5 32. Bxc5
Qxc5 33. Rb1 Ra5 34. Qb4 Qc6 35. Re2 Rf8 36. Qb3 Kf7 37. Nd2 Rfa8 38. c4 b4
39. Qf3+ Kg8 40. Rxb4 Rxa2 41. Rb1 Bb6 42. Nf1 Rxe2 43. Qxe2 Bd4 44. Nh2
Rf8 45. Nf3 Bc5 46. g3 Qa4 47. Kg2 Rc8 48. h4 Qe8 49. Rb7 Qh5 50. Nd4 Ra8
51. Rb2 Ra4 52. Rc2 g6 1/2-1/2

[Event "LXXI ch-ESP GpB"]
[Site "Leon ESP"]
[Date "2006.11.25"]
[Round "4"]
[White "Lopez Martinez,J"]
[Black "Gomez Esteban,J"]
[Result "1/2-1/2"]
[WhiteElo "2508"]
[BlackElo "2486"]
[EventDate "2006.11.22"]

1. e4 c6 2. d4 d5 3. Nc3 dxe4 4. Nxe4 Bf5 5. Ng3 Bg6 6. h4 h6 7. Nf3 Nd7 8.
h5 Bh7 9. Bd3 Bxd3 10. Qxd3 e6 11. Bf4 Qa5+ 12. Bd2 Bb4 13. c3 Be7 14. c4
Qc7 15. O-O-O Ngf6 16. Rde1 O-O-O 17. Kb1 Rhe8 18. Qe2 Bd6 19. Ne4 Nxe4 20.
Qxe4 Nf6 21. Qe2 c5 22. Bc3 cxd4 23. Nxd4 a6 24. Nb3 Qc6 25. g3 Bc7 26. Rh4
e5 27. a3 Kb8 28. Ka2 Ka8 29. Qc2 Qd7 30. Nc5 Qc6 31. Nb3 Qd7 32. Nc5
1/2-1/2

[Event "LXXI ch-ESP GpB"]
[Site "Leon ESP"]
[Date "2006.11.25"]
[Round "4"]
[White "Illescas Cordoba,M"]
[Black "Fernandez Garcia,JoseL"]
[Result "1/2-1/2"]
[WhiteElo "2620"]
[BlackElo "2470"]
[EventDate "2006.11.22"]

1. d4 Nf6 2. c4 g6 3. Nc3 d5 4. Nf3 Bg7 5. Bf4 O-O 6. Rc1 dxc4 7. e4 Bg4 8.
Bxc4 Bxf3 9. Qxf3 Nh5 10. Bg5 Nc6 11. d5 Ne5 12. Qe2 Nxc4 13. Qxc4 Qd7 14.
O-O a6 15. Qe2 Qd6 16. g3 Rae8 17. Be3 f5 18. exf5 Rxf5 19. Rfd1 Bxc3 20.
Rxc3 Rxd5 21. Rxd5 Qxd5 22. Rxc7 Ng7 23. b3 Ne6 24. Rc1 Rd8 25. Qg4 Kf7 26.
h4 Nd4 27. Bxd4 Qxd4 28. Qf3+ Qf6 29. Qxb7 Rd2 30. Qa7 Rxa2 31. Rc4 Ra5 32.
Qa8 Rf5 33. Rc8 Qd4 34. Rf8+ Kg7 35. Rxf5 gxf5 36. Qxa6 Qd1+ 37. Kh2 Qxb3
38. Qa1+ Kg6 39. Qe5 Qf7 40. Kg2 Qf6 41. Qd5 Kg7 42. Kf3 e5 43. Kg2 Qe7 44.
Qc6 Qf6 45. Qc7+ Kg6 46. Qd7 Qf7 47. Qd8 Qb7+ 48. Kg1 Qb1+ 49. Kh2 Qc2 50.
Qg8+ Kf6 51. Qh8+ Ke6 52. Qe8+ Kd6 53. Qd8+ Ke6 54. Qb6+ Kd5 55. Qb7+ Kd6
56. Qb8+ Ke6 57. Qb6+ Kd5 58. Qa7 Kd6 59. Qe3 h5 60. Kg2 Kd5 61. Qb6 Qc6
62. Qd8+ Ke6+ 63. Kg1 Qc1+ 64. Kh2 Qc2 65. Qb6+ Kd5 66. Qb5+ Kd6 67. Qa6+
Kd5 68. Qb6 Qe2 69. Qb7+ Ke6 70. Qc6+ Ke7 71. Kg2 f4 72. Qc7+ Ke6 73. Qc8+
Ke7 74. Qf5 fxg3 75. Kxg3 Kd6 1/2-1/2

[Event "LXXI ch-ESP GpB"]
[Site "Leon ESP"]
[Date "2006.11.26"]
[Round "5"]
[White "Perez Candelario,Man"]
[Black "Lopez Martinez,J"]
[Result "1/2-1/2"]
[WhiteElo "2496"]
[BlackElo "2508"]
[EventDate "2006.11.22"]

1. e4 e5 2. Nf3 Nc6 3. Bb5 a6 4. Ba4 Nf6 5. O-O Be7 6. Re1 b5 7. Bb3 d6 8.
c3 O-O 9. d4 Bg4 10. d5 Na5 11. Bc2 Qc8 12. Nbd2 c6 13. b4 Nb7 14. h3 Bd7
15. dxc6 Qxc6 16. Bb2 Nd8 17. Bd3 Ne6 18. Bf1 Qb6 19. g3 Bc6 20. Bg2 Rfd8
21. Qe2 Rac8 22. Rad1 Bb7 23. Ra1 Bc6 24. a3 Qb7 25. Rac1 h6 26. h4 Bf8 27.
Nh2 Qb8 28. Nhf1 Qa8 29. c4 bxc4 30. Nxc4 Qb8 31. Nfd2 1/2-1/2

[Event "LXXI ch-ESP GpB"]
[Site "Leon ESP"]
[Date "2006.11.26"]
[Round "5"]
[White "Fernandez Garcia,JoseL"]
[Black "Arizmendi Martinez,J"]
[Result "1/2-1/2"]
[WhiteElo "2470"]
[BlackElo "2540"]
[EventDate "2006.11.22"]

1. e4 c5 2. Nf3 Nc6 3. d4 cxd4 4. Nxd4 Nf6 5. Nc3 e5 6. Ndb5 d6 7. Bg5 a6
8. Na3 b5 9. Nd5 Be7 10. Bxf6 Bxf6 11. c4 b4 12. Nc2 a5 13. g3 O-O 14. Bg2
Bg5 1/2-1/2